東京有名私大のキャンパス - Statistics

General Stats
  • This quiz has been taken 351 times
  • The average score is 26 of 56
Answer Stats
大学 学部 キャンパス % Correct
日本大学 歯学部
93%
早稲田大学 政治経済/法/教育/商/国際教養 早稲田
92%
日本大学 医学部
90%
慶應義塾大学 文(2-4年次)/経済(3,4年次)/法(3,4年次)/商(3,4年次) 三田
86%
慶應義塾大学 文(1年次)/経済(1,2年次)/法(1,2年次)/商(1,2年次)/理工(1,2年次)/薬(1年次)/医(1年次) 日吉
82%
日本大学 商学部
79%
青山学院大学 文/教育人間科学/経済/法/経営/国際政治経済/総合文化政策 青山
78%
中央大学 経済/商/文/総合政策/国際経営 多摩
78%
法政大学 経済/社会/現代福祉/スポーツ健康 多摩
78%
立教大学 文/経済/経営/法/社会/異文化コミュニケーション/理 池袋
76%
早稲田大学 人間科学/スポーツ科学 所沢
73%
日本大学 藝術 所沢
73%
慶應義塾大学 総合政策/環境情報/看護医療(1,2,4年次) 湘南藤沢
68%
早稲田大学 基幹理工/創造理工/先進理工 西早稲田
67%
法政大学 法/文/経営/国際文化/人間環境/キャリアデザイン/デザイン工/グローバル教養 市ヶ谷
67%
早稲田大学 文化構想/文 戸山
60%
上智大学 神/文/総合人間科学/法/経済/外国語/総合グローバル/理工/国際教養 四谷
60%
明治大学 法(3,4年次)/商(3,4年次)/政治経済(3,4年次)/文(3,4年次)/経営(3,4年次)/情報コミュニケーション(3,4年次) 駿河台
57%
日本大学 理工 駿河台
57%
駒澤大学 仏教/文/経済/法/経営/医療健康科学/グローバル・メディア・スタディーズ 駒沢
57%
立教大学 現代心理/観光/コミュニティ福祉/スポーツウエルネス 新座
55%
明治大学 理工/農 生田
54%
専修大学 文/人間科学/経済/経営/ネットワーク情報 生田
54%
青山学院大学 理工/社会情報/地球社会共生/コミュニティ人間科学 相模原
53%
日本大学 工学部
53%
中央大学 茗荷谷
51%
東京理科大学 創域理工/薬 野田
50%
明治大学 国際日本/総合数理 中野
50%
東京理科大学 経営(国際デザイン経営学科、2-4年次)/理/理(第二部) 神楽坂
48%
明治大学 法(1,2年次)/商(1,2年次)/政治経済(1,2年次)/文(1,2年次)/経営(1,2年次)/情報コミュニケーション(1,2年次) 和泉
44%
東洋大学 文/経済/経営/法/社会/国際/国際観光 白山
44%
東京理科大学 工/先進工 葛飾
42%
慶應義塾大学 医(2-6年次)/看護医療(3年次) 信濃町
38%
日本大学 法学部
38%
日本大学 文理 文理学部
38%
日本大学 経済 経済学部
37%
東京理科大学 経営(国際デザイン経営学科、1年次) 北海道・長万部
36%
専修大学 法/商/国際コミュニケーション 神田
35%
中央大学 理工 後楽園
34%
日本大学 松戸歯 松戸歯学部
34%
日本大学 薬学部 薬学部
33%
法政大学 情報科学/理工/生命科学 小金井
31%
日本大学 国際関係 国際関係学部
27%
日本大学 危機管理/スポーツ科学 危機管理学部・スポーツ科学部
26%
日本大学 理工 船橋
25%
慶應義塾大学 理工(3,4年次) 矢上
21%
日本大学 生物資源科学部 生物資源科学部
21%
日本大学 藝術 江古田
17%
東洋大学 理工/総合情報 川越
17%
東洋大学 生命科学/食環境科学 朝霞
16%
慶應義塾大学 薬(2-6年次) 芝共立
12%
東洋大学 情報連携/福祉社会デザイン/健康スポーツ科学 赤羽台
12%
日本大学 生産工 津田沼
8%
中央大学 国際情報 市ヶ谷田町
7%
日本大学 生産工 実籾
7%
上智大学 総合人間科学(看護学科、2,3年次) 目白聖母
6%
No matching quizzes found
Score Distribution
Percent of People with Each Score
Percentile by Number Answered
Your Score History
You have not taken this quiz